<?xml version="1.0" encoding="UTF-8"?>
<collection xmlns="http://www.loc.gov/MARC21/slim">
 <record>
  <leader>01810nam a22002657a 4500</leader>
  <controlfield tag="001">NCT_4_023747</controlfield>
  <controlfield tag="008">250701b        xxu||||| |||| 00| 0 vie d</controlfield>
  <datafield tag="999" ind1=" " ind2=" ">
   <subfield code="c">9168</subfield>
   <subfield code="d">9168</subfield>
  </datafield>
  <datafield tag="020" ind1=" " ind2=" ">
   <subfield code="a">9786048270384</subfield>
   <subfield code="c">150000</subfield>
  </datafield>
  <datafield tag="082" ind1="0" ind2="4">
   <subfield code="2">23rd ed.</subfield>
   <subfield code="a">628.162</subfield>
   <subfield code="b">Tr308/T.2</subfield>
  </datafield>
  <datafield tag="100" ind1="1" ind2=" ">
   <subfield code="a">Lâm Minh Triết</subfield>
   <subfield code="e">Chủ biên</subfield>
  </datafield>
  <datafield tag="245" ind1="1" ind2="0">
   <subfield code="a">Xử lý nước thải</subfield>
   <subfield code="b">= Wastewater treatment</subfield>
   <subfield code="n">Tập 2</subfield>
   <subfield code="c">Lâm Minh Triết, Trần Hiếu Nhuệ (chủ biên)</subfield>
  </datafield>
  <datafield tag="250" ind1=" " ind2=" ">
   <subfield code="a">Tái bản</subfield>
  </datafield>
  <datafield tag="260" ind1=" " ind2=" ">
   <subfield code="a">H. </subfield>
   <subfield code="b">Xây dựng</subfield>
   <subfield code="c">2022</subfield>
  </datafield>
  <datafield tag="300" ind1=" " ind2=" ">
   <subfield code="a">300 tr.</subfield>
   <subfield code="b">bảng, hình vẽ</subfield>
   <subfield code="c">27 cm</subfield>
  </datafield>
  <datafield tag="520" ind1="3" ind2=" ">
   <subfield code="a">Cung cấp những kiến thức về: Màng lọc và công nghệ sinh học, màng ứng dụng trong xử lý nước thải, xử ly bùn cặn, xử lý nước thải bằng phương pháp hóa học/ phương pháp hóa lý, khử trùng nước thải, tái sử dụng nước thải, sơ đồ tổng thể, quản lý điều hành nhà máy (trạm) xử lý nước thải.</subfield>
  </datafield>
  <datafield tag="653" ind1=" " ind2=" ">
   <subfield code="a">Quản lý tài nguyên &amp; môi trường</subfield>
  </datafield>
  <datafield tag="700" ind1="1" ind2=" ">
   <subfield code="a">Trần Hiếu Nhuệ</subfield>
   <subfield code="e">Chủ biên</subfield>
  </datafield>
  <datafield tag="700" ind1="1" ind2=" ">
   <subfield code="a">Bùi Xuân Thành</subfield>
  </datafield>
  <datafield tag="700" ind1="1" ind2=" ">
   <subfield code="a">Nguyễn Huy Cương</subfield>
  </datafield>
  <datafield tag="942" ind1=" " ind2=" ">
   <subfield code="2">ddc</subfield>
   <subfield code="c">BK</subfield>
  </datafield>
  <datafield tag="952" ind1=" " ind2=" ">
   <subfield code="0">0</subfield>
   <subfield code="1">0</subfield>
   <subfield code="2">ddc</subfield>
   <subfield code="4">0</subfield>
   <subfield code="6">628_162000000000000_TR308_T_2</subfield>
   <subfield code="7">0</subfield>
   <subfield code="9">31040</subfield>
   <subfield code="a">000001</subfield>
   <subfield code="b">000001</subfield>
   <subfield code="d">2025-07-01</subfield>
   <subfield code="o">628.162 Tr308/T.2</subfield>
   <subfield code="p">MD.24097</subfield>
   <subfield code="r">2025-07-01</subfield>
   <subfield code="v">150000.00</subfield>
   <subfield code="w">2025-07-01</subfield>
   <subfield code="y">BK</subfield>
  </datafield>
  <datafield tag="952" ind1=" " ind2=" ">
   <subfield code="0">0</subfield>
   <subfield code="1">0</subfield>
   <subfield code="2">ddc</subfield>
   <subfield code="4">0</subfield>
   <subfield code="6">628_162000000000000_TR308_T_2</subfield>
   <subfield code="7">0</subfield>
   <subfield code="9">31041</subfield>
   <subfield code="a">000001</subfield>
   <subfield code="b">000001</subfield>
   <subfield code="d">2025-07-01</subfield>
   <subfield code="o">628.162 Tr308/T.2</subfield>
   <subfield code="p">MD.24098</subfield>
   <subfield code="r">2025-07-01</subfield>
   <subfield code="v">150000.00</subfield>
   <subfield code="w">2025-07-01</subfield>
   <subfield code="y">BK</subfield>
  </datafield>
  <datafield tag="952" ind1=" " ind2=" ">
   <subfield code="0">0</subfield>
   <subfield code="1">0</subfield>
   <subfield code="2">ddc</subfield>
   <subfield code="4">0</subfield>
   <subfield code="6">628_162000000000000_TR308_T_2</subfield>
   <subfield code="7">0</subfield>
   <subfield code="9">31042</subfield>
   <subfield code="a">000001</subfield>
   <subfield code="b">000001</subfield>
   <subfield code="d">2025-07-01</subfield>
   <subfield code="o">628.162 Tr308/T.2</subfield>
   <subfield code="p">MD.24099</subfield>
   <subfield code="r">2025-07-01</subfield>
   <subfield code="v">150000.00</subfield>
   <subfield code="w">2025-07-01</subfield>
   <subfield code="y">BK</subfield>
  </datafield>
  <datafield tag="980" ind1=" " ind2=" ">
   <subfield code="a">Thư viện Trường Đại học Nam Cần Thơ</subfield>
  </datafield>
 </record>
</collection>
